000
00216nam a2200085Ia 4500
008
120527s9999 xx 000 0 und d
100
_a
Gingerich & Principles
245
_a
Infants, Children and Adolescents
942
_c
BK
999
_c
27557
_d
27557